Music Quiz

Random Music or Bands Quiz
Score 0/30 Timer 06:00
0 Plays Today
2 Hit Songs 'C' Band/Artist % Correct
I Walk the Line
Ring of Fire
Johnny Cash
93.8%
Yellow
Viva La Vida
Coldplay
85.7%
Rock The Casbah
London Calling
The Clash
79.4%
Another Day in Paradise
In the Air Tonight
Phil Collins
74.4%
Tears in Heaven
I Shot The Sheriff
Eric Clapton
74.3%
If I Could Turn Back Time
Believe
Cher
71.3%
Downtown
I Know a Place
Petula Clark
71%
Party in the USA
The Climb
Miley Cyrus
69.2%
Since U Been Gone
Behind These Hazel Eyes
Kelly Clarkson
66.4%
I'll Tumble 4 Ya
Karma Chameleon
Culture Club
66%
Soak Up the Sun
All I Wanna Do
Sheryl Crow
63.9%
With Arms Wide Open
My Own Prison
Creed
62.6%
Fortunate Son
Down on the Corner
Creedence Clearwater Revival
62%
Linger
Zombie
The Cranberries
60.2%
White Room
Sunshine of Your Love
Cream
59.8%
2 Hit Songs 'C' Band/Artist % Correct
Fast Car
Give Me One Reason
Tracy Chapman
57.3%
Tubthumping
Amnesia
Chumbawamba
56.3%
Mr. Jones
A Long December
Counting Crows
54.7%
What'd I Say
Georgia on My Mind
Ray Charles
53%
Just Like Heaven
Friday I'm in Love
The Cure
49.9%
Saturday in the Park
25 or 6 to 4
Chicago
47.7%
We Belong Together
Always Be My Baby
Mariah Carey
44.7%
Time in a Bottle
Bad, Bad Leroy Brown
Jim Croce
41.6%
Brick House
Easy
Commodores
37.9%
The Distance
Short Skirt, Long Jacket
Cake
37.8%
Sailing
Arthur's Theme
Christopher Cross
36.5%
You Are So Beautiful
Unchain My Heart
Joe Cocker
32.9%
Goodies
1 2 Step
Ciara
29.2%
Dynamite
Break Your Heart
Taio Cruz
27.3%
Far Behind
You
Candlebox
12.7%
Remove Ads.
Support Sporcle.
Get the best of Sporcle when you Go Orange. This ad-free experience offers more features, more stats, and more fun while also helping to support Sporcle. Thank you for becoming a member.

You're not logged in!

Compare scores with friends on all Sporcle quizzes.
OR
Log In

Sporcle TV

Today on Sporcle TV


Watch our educational content, quiz creation guides, and fun videos on Sporcle TV.

Show Comments

Extras

Top Quizzes Today


Score Distribution

Paid Content

Your Account Isn't Verified!

In order to create a playlist on Sporcle, you need to verify the email address you used during registration. Go to your Sporcle Settings to finish the process.

Report this User

Report this user for behavior that violates our Community Guidelines.

Details: